Stacje i przystanki kolejowe na linii kolejowej nr 25 - Statystyki

Ogólne statystyki
  • Ten quiz został rozwiązany 12 razy
  • Średni wynik to 23 z 79
Statystyki odpowiedzi
Hint Odpowiedź % Poprawnych
79 Dębica
91%
23 Końskie
91%
1 Łódź Kaliska
91%
33 Skarżysko Kamienna
91%
15 Tomaszów Mazowiecki
91%
56 Sandomierz
82%
3 Łódź Chojny
73%
69 Mielec
73%
20 Opoczno
73%
46 Ostrowiec Świetokrzyski
73%
38 Starachowice
73%
59 Tarnobrzeg
73%
49 Ćmielów
55%
34 Skarżysko Kościelne
55%
39 Starachowice Wschodnie
55%
44 Kunów
45%
2 Łódź Pabianicka
45%
64 Padew
45%
7 Bedoń
36%
54 Dwikozy
36%
8 Justynów
36%
6 Łódź Olechów Wschód
36%
5 Łódź Olechów Zachód
36%
32 Skarżysko Milica
36%
26 Stąporków
36%
37 Wąchock
36%
57 Wielowieś
36%
10 Żakowice Południowe
36%
63 Baranów Sandomierski
27%
42 Brody Iłżeckie
27%
60 Chmielów
27%
9 Gałkówek
27%
16 Jeleń
27%
77 Kochanówka Pustków
27%
4 Łódź Olechów Wiadukt
27%
55 Metan
27%
71 Mielec Południowy
27%
58 Sobów
27%
70 Wojsław
27%
30 Bliżyn
18%
45 Boksycka
18%
17 Bratków
18%
31 Brzask
18%
75 Dąbie koło Debicy
18%
52 Jakubowice
18%
11 Mikołajów
18%
76 Pustków
18%
78 Pustynia
18%
72 Rzochów
18%
14 Skrzynki
18%
40 Starachowice Michałów
18%
66 Tuszów Narodowy
18%
24 Wąsosz Konecki
18%
48 Brzustowa Opatowska
9%
67 Chorzelów
9%
68 Chorzelów Południowy
9%
65 Jaślany
9%
36 Marcinków
9%
22 Petrykozy
9%
73 Rzemień
9%
21 Sitowa
9%
19 Słomianka
9%
43 Staw Kunowski
9%
41 Styków Iłżecki
9%
18 Szadkowice
9%
74 Tuszyma
9%
13 Zaosie
9%
47 Bodziechów
0%
25 Czarniecka Góra
0%
61 Dąbrowica Małopolska
0%
50 Drygulec
0%
29 Gilów
0%
35 Grzybowa Góra
0%
51 Jasice
0%
62 Skopanie
0%
28 Sołtyków
0%
53 Stary Garbów
0%
27 Wólka Plebańska
0%
12 Wykno
0%
Nie znaleziono quizów pasujących do podanych kryteriów
Rozkład punktacji
Procent ludzi z każdym wynikiem
Percentyl według liczby udzielonych odpowiedzi
Twoja historia wyników
Nie rozwiązałeś tego quizu